[Event "FRM-chT2"]
[Site "Struga"]
[Date "2023.07.04"]
[Round "7.1"]
[White "Sadiku, Bedri"]
[Black "Popagjoski, Ljupco"]
[Result "1-0"]
[WhiteElo "2158"]
[BlackElo "1731"]
[PlyCount "61"]
[EventDate "2023.06.30"]
[EventType "team-tourn"]
[EventRounds "7"]
[EventCountry "MKD"]
[SourceTitle "EXT 2024"]
[Source "ChessBase"]
[SourceDate "2023.10.10"]
[SourceVersion "1"]
[SourceVersionDate "2023.10.10"]
[SourceQuality "1"]

1. Nf3 b6 2. g3 Bb7 3. Bg2 Nf6 4. c4 c5 5. 0-0 Nc6 6. d4 cxd4 7. Nxd4 Qc7 8. Nb5 Qb8 9. Bf4 d6 10. N1c3 a6 11. Na3 Nd8 12. Nd5 Ne6 13. Nxf6+ gxf6 14. Qa4+ Kd8 15. Be3 Bxg2 16. Kxg2 Qb7+ 17. f3 h5 18. Nc2 Rc8 19. Rac1 Bh6 20. Bxh6 Rxh6 21. Ne3 h4 22. Nd5 h3+ 23. Kg1 Nd4 24. Qd1 e5 25. Qd2 Rg6 26. e3 Rxc4 27. Rxc4 Qxd5 28. Rc2 Qxf3 29. exd4 Qe4 30. dxe5 fxe5 31. Qc3 1-0

[Event "FRM-chT2"]
[Site "Struga"]
[Date "2023.07.02"]
[Round "5.2"]
[White "Todorovski, Ilija"]
[Black "Sadiku, Bedri"]
[Result "1-0"]
[WhiteElo "2139"]
[BlackElo "2158"]
[PlyCount "45"]
[EventDate "2023.06.30"]
[EventType "team-tourn"]
[EventRounds "7"]
[EventCountry "MKD"]
[SourceTitle "EXT 2024"]
[Source "ChessBase"]
[SourceDate "2023.10.10"]
[SourceVersion "1"]
[SourceVersionDate "2023.10.10"]
[SourceQuality "1"]

1. e4 c5 2. Nf3 e6 3. d4 cxd4 4. Nxd4 a6 5. Nc3 Qc7 6. Be2 b5 7. f4 Bb7 8. Bf3 d6 9. 0-0 Nd7 10. Kh1 Ngf6 11. Re1 Be7 12. e5 dxe5 13. fxe5 Ng8 14. Bxb7 Qxb7 15. Qg4 g6 16. Bg5 Qb6 17. Rad1 h5 18. Qf4 Bxg5 19. Qxg5 Qd8 20. Qf4 Nh6 21. Ne4 Nf5 22. Nxf5 gxf5 23. Nf6+ 1-0

[Event "FRM-chT2"]
[Site "Struga"]
[Date "2023.06.30"]
[Round "1.1"]
[White "Sadiku, Bedri"]
[Black "Spasenovski, Savo"]
[Result "1-0"]
[WhiteElo "2158"]
[BlackElo "2275"]
[PlyCount "129"]
[EventDate "2023.06.30"]
[EventType "team-tourn"]
[EventRounds "7"]
[EventCountry "MKD"]
[SourceTitle "EXT 2024"]
[Source "ChessBase"]
[SourceDate "2023.10.10"]
[SourceVersion "1"]
[SourceVersionDate "2023.10.10"]
[SourceQuality "1"]

1. Nf3 d5 2. d3 Nf6 3. g3 Nbd7 4. Bg2 e5 5. 0-0 Be7 6. Nc3 d4 7. Nb1 0-0 8. e4 Ne8 9. Qe2 a5 10. a4 Nd6 11. b3 c5 12. Na3 b6 13. Nd2 Ba6 14. Ndc4 Bxc4 15. Nxc4 Nxc4 16. bxc4 Nb8 17. f4 Bd6 18. Bh3 Nc6 19. Rf2 Qe7 20. Qh5 Bc7 21. Bg4 Rad8 22. Qh3 Rd6 23. fxe5 Nxe5 24. Be2 Rdd8 25. Bf4 Nc6 26. Bg4 Ne5 27. Be2 Nc6 28. Qh5 Nb4 29. Bg4 Nc6 30. Raf1 Be5 31. Bg5 f6 32. Bf4 Rd6 33. Qh3 Rdd8 34. Bd2 Kh8 35. Bf5 g5 36. Bc1 Qg7 37. Qh5 Ne7 38. Bd2 Nxf5 39. Rxf5 Rg8 40. Rb1 Rb8 41. Kg2 Qg6 42. Qh3 Qe8 43. Rb5 Rg6 44. Qh5 Rg8 45. Qf3 Qe7 46. g4 h6 47. Be1 Qg7 48. Bg3 Bxg3 49. Qxg3 Qe7 50. e5 fxe5 51. Rxe5 Qb7+ 52. Rd5 Qe7 53. Qe5+ Qxe5 54. Rxe5 Rg6 55. Rexc5 Re8 56. Re5 Rf8 57. Rf5 Re8 58. Rfe5 Rge6 59. Rxe6 Rxe6 60. Rd5 Re2+ 61. Kg3 Rxc2 62. Rxd4 Ra2 63. Rd6 Rxa4 64. Rxh6+ Kg7 65. Rxb6 1-0

[Event "KOS-ch"]
[Site "Pristina"]
[Date "2022.11.20"]
[Round "9"]
[White "Berisha, Enver"]
[Black "Sadiku, Bedri"]
[Result "0-1"]
[WhiteElo "2123"]
[BlackElo "2206"]
[PlyCount "107"]
[EventDate "2022.11.11"]
[EventType "swiss"]
[EventRounds "9"]
[EventCountry "KOS"]
[SourceTitle "CBM 211 Extra"]
[Source "ChessBase"]
[SourceDate "2023.01.31"]
[SourceVersion "1"]
[SourceVersionDate "2023.01.31"]
[SourceQuality "1"]

1. d4 g6 2. Nf3 Bg7 3. e4 d6 4. Nc3 Nd7 5. Be3 e5 6. Qd2 c6 7. a3 Qe7 8. Bc4 Ngf6 9. 0-0-0 0-0 10. Rhe1 Nb6 11. Bb3 Bg4 12. h3 Bxf3 13. gxf3 Nh5 14. Ne2 Rad8 15. Ng3 exd4 16. Bxd4 Bxd4 17. Qxd4 Nxg3 18. fxg3 Qg5+ 19. Qe3 Qxg3 20. Rg1 Qh4 21. Rg4 Qxh3 22. Rdg1 d5 23. R4g3 Qh4 24. e5 Rfe8 25. f4 Qh6 26. Kb1 Qg7 27. Rh3 Re6 28. Rgh1 h5 29. Rg1 Qh8 30. Qf3 Kf8 31. f5 gxf5 32. Rxh5 Rh6 33. Rxf5 Rd7 34. Rf6 Re7 35. Ka2 Nd7 36. Rxh6 Qxh6 37. Qg4 Qh8 38. c4 d4 39. Qxd4 Qxe5 40. Qg4 Ke8 41. Rd1 Kd8 42. Qg1 a6 43. Rf1 Kc7 44. Qg8 f6 45. Rh1 Re8 46. Qg7 f5 47. Qg1 f4 48. Qg4 Re7 49. Rf1 Rf7 50. Bc2 Qf6 51. Be4 Ne5 52. Qd1 Nxc4 53. Qb3 Nd2 54. Qd1 0-1

[Event "KOS-ch"]
[Site "Pristina"]
[Date "2022.11.13"]
[Round "3"]
[White "Fetiu, Bujar"]
[Black "Sadiku, Bedri"]
[Result "0-1"]
[WhiteElo "2031"]
[BlackElo "2206"]
[PlyCount "78"]
[EventDate "2022.11.11"]
[EventType "swiss"]
[EventRounds "9"]
[EventCountry "KOS"]
[SourceTitle "CBM 211 Extra"]
[Source "ChessBase"]
[SourceDate "2023.01.31"]
[SourceVersion "1"]
[SourceVersionDate "2023.01.31"]
[SourceQuality "1"]

1. d4 g6 2. e4 Bg7 3. Be3 d6 4. Nf3 Nf6 5. Nc3 0-0 6. Bd3 Nc6 7. h3 e5 8. 0-0 a6 9. Qd2 Re8 10. d5 Ne7 11. Ne2 Nexd5 12. exd5 e4 13. Ne1 exd3 14. Qxd3 b5 15. Rd1 Bb7 16. Qb3 Qc8 17. Nf3 a5 18. Nc3 b4 19. Ne2 a4 20. Qxb4 Nxd5 21. Qa3 Nxe3 22. fxe3 Qe6 23. Kf2 c5 24. Nf4 Qf6 25. Nd5 Qf5 26. Qd3 Qxd3 27. Rxd3 Ba6 28. Nc7 Bxd3 29. cxd3 Bxb2 30. Nd2 d5 31. Nxe8 Rxe8 32. e4 Bc3 33. Nb1 Bd4+ 34. Kf3 dxe4+ 35. dxe4 Rb8 36. Rc1 Rb2 37. Nc3 a3 38. h4 h5 39. g3 Rf2# 0-1

[Event "FRM-chT2 Gp-B"]
[Site "Ohrid"]
[Date "2022.07.21"]
[Round "1.1"]
[White "Sadiku, Bedri"]
[Black "Osmani, Nimetulla"]
[Result "1-0"]
[WhiteElo "2210"]
[BlackElo "1821"]
[PlyCount "27"]
[EventDate "2022.07.21"]
[EventType "team-tourn"]
[EventRounds "5"]
[EventCountry "MKD"]
[SourceTitle "CBM 210 Extra"]
[Source "ChessBase"]
[SourceDate "2022.11.30"]
[SourceVersion "1"]
[SourceVersionDate "2022.11.30"]
[SourceQuality "1"]
[WhiteTeam "Shkendija"]
[BlackTeam "Teuta Matejce"]
[WhiteTeamCountry "MKD"]
[BlackTeamCountry "MKD"]

1. c4 c6 2. b3 d6 3. d4 Nf6 4. Nc3 a5 5. g3 h5 6. h3 g6 7. Bg2 Bg7 8. e4 Nbd7 9. Nge2 b6 10. Be3 Qc7 11. Rc1 Bb7 12. f4 e5 13. 0-0 Rb8 14. Qd2 1-0

[Event "Pristina Nderkombetar op"]
[Site "Pristina"]
[Date "2022.06.21"]
[Round "7"]
[White "Sadiku, Bedri"]
[Black "Dinev, Dejan"]
[Result "1/2-1/2"]
[WhiteElo "2209"]
[BlackElo "2202"]
[PlyCount "21"]
[EventDate "2022.06.17"]
[EventType "swiss"]
[EventRounds "9"]
[EventCountry "KOS"]
[SourceTitle "CBM 209 Extra"]
[Source "ChessBase"]
[SourceDate "2022.09.30"]
[SourceVersion "1"]
[SourceVersionDate "2022.09.30"]
[SourceQuality "1"]

1. d4 d5 2. c4 c6 3. Qc2 Nf6 4. Nf3 g6 5. e3 Bg7 6. Bd3 0-0 7. 0-0 Nbd7 8. Nc3 Qa5 9. cxd5 Nxd5 10. Nxd5 Qxd5 11. e4 1/2-1/2

[Event "Pristina Nderkombetar op"]
[Site "Pristina"]
[Date "2022.06.20"]
[Round "6"]
[White "Cerkini, Jeton"]
[Black "Sadiku, Bedri"]
[Result "0-1"]
[WhiteElo "2133"]
[BlackElo "2209"]
[PlyCount "92"]
[EventDate "2022.06.17"]
[EventType "swiss"]
[EventRounds "9"]
[EventCountry "KOS"]
[SourceTitle "CBM 209 Extra"]
[Source "ChessBase"]
[SourceDate "2022.09.30"]
[SourceVersion "1"]
[SourceVersionDate "2022.09.30"]
[SourceQuality "1"]

1. e4 c5 2. Nf3 e6 3. d4 cxd4 4. Nxd4 a6 5. Nc3 Qc7 6. a3 Nf6 7. Be2 d6 8. Be3 Nbd7 9. f3 b5 10. Qd2 Be7 11. Rc1 0-0 12. 0-0 Bb7 13. Kh1 Rac8 14. Bd3 Ne5 15. Nce2 d5 16. f4 Nc4 17. Bxc4 Nxe4 18. Qe1 dxc4 19. c3 g6 20. Nf3 Bf6 21. Ng3 Nxg3+ 22. Qxg3 Bxf3 23. Rxf3 Rcd8 24. h4 Rd5 25. Qf2 Qd6 26. Rg1 h5 27. g4 hxg4 28. Rxg4 Rf5 29. Rh3 Kg7 30. Kg2 Rh8 31. Qf3 Qd5 32. Kf2 Qxf3+ 33. Kxf3 Rhh5 34. Ke2 Rd5 35. Bd2 Be7 36. Be3 Bc5 37. Bxc5 Rxc5 38. Rgg3 Rcd5 39. Re3 Rh8 40. Rh2 Rhd8 41. Kf3 Rd2 42. Rhe2 Kf6 43. Re5 R8d3+ 44. Kg4 Rd1 45. Rg2 Rh1 46. Rg3 Rd2 0-1

[Event "Kosovo-chT"]
[Site "Pristina"]
[Date "2021.05.19"]
[Round "6.1"]
[White "Sadiku, Bedri"]
[Black "Saraci, Nderim"]
[Result "0-1"]
[WhiteElo "2202"]
[BlackElo "2424"]
[PlyCount "35"]
[EventDate "2021.05.15"]
[EventType "team-tourn"]
[EventRounds "7"]
[EventCountry "KOS"]
[SourceTitle "CBM 202 Extra"]
[Source "ChessBase"]
[SourceDate "2021.07.31"]
[SourceVersion "1"]
[SourceVersionDate "2021.07.31"]
[SourceQuality "1"]
[WhiteTeam "Prishtina"]
[BlackTeam "Drejtesia"]
[WhiteTeamCountry "KOS"]
[BlackTeamCountry "KOS"]

1. e4 c5 2. Nf3 d6 3. Bb5+ Nd7 4. c3 Ngf6 5. d3 g6 6. 0-0 Bg7 7. Re1 a6 8. Ba4 0-0 9. Bc2 b5 10. Nbd2 Bb7 11. Nf1 Qc7 12. Ng3 e5 13. h3 d5 14. b3 c4 15. bxc4 dxe4 16. dxe4 Qxc4 17. Ba3 Rfd8 18. Bb3 0-1

[Event "Kosovo-chT"]
[Site "Pristina"]
[Date "2021.05.17"]
[Round "4.3"]
[White "Pangjaj, Xhemajl"]
[Black "Sadiku, Bedri"]
[Result "0-1"]
[WhiteElo "1967"]
[BlackElo "2202"]
[PlyCount "100"]
[EventDate "2021.05.15"]
[EventType "team-tourn"]
[EventRounds "7"]
[EventCountry "KOS"]
[SourceTitle "CBM 202 Extra"]
[Source "ChessBase"]
[SourceDate "2021.07.31"]
[SourceVersion "1"]
[SourceVersionDate "2021.07.31"]
[SourceQuality "1"]
[WhiteTeam "Decani"]
[BlackTeam "Prishtina"]
[WhiteTeamCountry "KOS"]
[BlackTeamCountry "KOS"]

1. e4 c5 2. Nf3 e6 3. d4 cxd4 4. Nxd4 a6 5. Be2 Nf6 6. Bf3 Qc7 7. 0-0 d6 8. Re1 Nbd7 9. g3 Be7 10. Bg2 Rb8 11. a4 b6 12. Be3 Bb7 13. f3 d5 14. exd5 Nxd5 15. Bf2 0-0 16. c3 Bf6 17. Nd2 g6 18. Ne4 Bg7 19. Bh3 N7f6 20. Qb3 e5 21. Nc2 Ba8 22. Bg2 Nxe4 23. fxe4 Nf6 24. h3 a5 25. Na3 Rfc8 26. g4 Bf8 27. Kh2 Nd7 28. Rad1 Nc5 29. Qc2 Bc6 30. Nb5 Bxb5 31. axb5 Ne6 32. Bg3 Bh6 33. Rd5 Bf4 34. Red1 Bxg3+ 35. Kxg3 Nf4 36. Bf1 Nxd5 37. Rxd5 Rd8 38. c4 Rxd5 39. exd5 e4+ 40. Kg2 Qe5 41. Be2 f5 42. Bd1 f4 43. Qf2 Rf8 44. Qxb6 Qxb2+ 45. Qf2 f3+ 46. Kf1 Qc1 47. Qc2 Qf4 48. c5 e3 49. Be2 Qh2 50. Ke1 f2+ 0-1

[Event "KOS-ch"]
[Site "Pristina"]
[Date "2020.10.10"]
[Round "1"]
[White "Avdiu, Azem"]
[Black "Sadiku, Bedri"]
[Result "0-1"]
[WhiteElo "1626"]
[BlackElo "2235"]
[PlyCount "44"]
[EventDate "2020.10.10"]
[EventType "swiss"]
[EventRounds "9"]
[EventCountry "KOS"]
[SourceTitle "EXT 2022"]
[Source "ChessBase"]
[SourceDate "2021.10.06"]
[SourceVersion "1"]
[SourceVersionDate "2021.10.06"]
[SourceQuality "1"]

1. e4 c5 2. Nc3 a6 3. Nf3 Nc6 4. d4 cxd4 5. Nxd4 e6 6. Nxc6 bxc6 7. Bc4 d5 8. exd5 cxd5 9. Bb3 Nf6 10. Bg5 Be7 11. 0-0 Bd7 12. Qf3 h6 13. Bxf6 Bxf6 14. Rfe1 0-0 15. Nd1 Qc7 16. Nc3 Qd8 17. Ba4 Bxa4 18. Nxa4 Qc7 19. c3 Rfc8 20. Rac1 Qb7 21. b3 Qb5 22. Nb2 Rc7 0-1

[Event "KOS Cup"]
[Site "Pristina"]
[Date "2020.02.15"]
[Round "2.1"]
[White "Sadiku, Bedri"]
[Black "Qorrolli, Fehim"]
[Result "1/2-1/2"]
[WhiteElo "2247"]
[BlackElo "2051"]
[PlyCount "84"]
[EventDate "2020.02.09"]
[EventType "k.o."]
[EventRounds "5"]
[EventCountry "KOS"]
[SourceTitle "CBM 195 Extra"]
[Source "ChessBase"]
[SourceDate "2020.05.31"]
[SourceVersion "1"]
[SourceVersionDate "2020.05.31"]
[SourceQuality "1"]

1. c4 e5 2. Nc3 Nf6 3. g3 Nc6 4. Bg2 Bc5 5. Nf3 d6 6. 0-0 a6 7. e3 Bg4 8. h3 Bh5 9. g4 Bg6 10. d4 Bb6 11. b4 0-0 12. a3 Ne4 13. Bb2 Rb8 14. Nxe4 Bxe4 15. dxe5 Bxf3 16. Qxf3 Nxe5 17. Bxe5 dxe5 18. c5 Ba7 19. Rfd1 Qe7 20. Ra2 c6 21. Qf5 Rbd8 22. Rad2 g6 23. Qe4 Bb8 24. f4 Rxd2 25. Rxd2 Rd8 26. Rxd8+ Qxd8 27. f5 Kg7 28. Bf1 Qd2 29. Qd3 Qxd3 30. Bxd3 f6 31. Kf2 g5 32. Bc4 a5 33. Be6 axb4 34. axb4 Ba7 35. Bd7 Kf8 36. Bc8 b6 37. cxb6 Bxb6 38. Bd7 c5 39. b5 Ke7 40. Be6 Kd6 41. Kf3 h6 42. Ke4 Bc7 1/2-1/2

[Event "KOS Cup"]
[Site "Pristina"]
[Date "2020.02.09"]
[Round "1.1"]
[White "Sadiku, Bedri"]
[Black "Kasumi, Gezim"]
[Result "1-0"]
[WhiteElo "2247"]
[BlackElo "1989"]
[PlyCount "61"]
[EventDate "2020.02.09"]
[EventType "k.o."]
[EventRounds "5"]
[EventCountry "KOS"]
[SourceTitle "CBM 195 Extra"]
[Source "ChessBase"]
[SourceDate "2020.05.31"]
[SourceVersion "1"]
[SourceVersionDate "2020.05.31"]
[SourceQuality "1"]

1. d4 Nf6 2. c4 g6 3. Nc3 Bg7 4. e4 d6 5. f3 0-0 6. Be3 c6 7. Qd2 Nbd7 8. Bh6 Re8 9. Bxg7 Kxg7 10. g4 e5 11. 0-0-0 Qb6 12. Nge2 Nf8 13. Ng3 Ne6 14. d5 Nd4 15. Be2 cxd5 16. cxd5 Bd7 17. Kb1 Rac8 18. Rc1 Rc5 19. h4 Rec8 20. h5 Ng8 21. hxg6 hxg6 22. g5 Qd8 23. Rcg1 Kf8 24. Rh7 R8c7 25. Rf1 Ke8 26. f4 Qe7 27. fxe5 Qxe5 28. Rhxf7 Kd8 29. Rf8+ Be8 30. Rxg8 Qxg3 31. Qxd4 1-0

[Event "EU-Cup 35th"]
[Site "Ulcinj"]
[Date "2019.11.16"]
[Round "7.27"]
[White "Carnicelli, Valerio"]
[Black "Sadiku, Bedri"]
[Result "0-1"]
[WhiteElo "2303"]
[BlackElo "2220"]
[PlyCount "102"]
[EventDate "2019.11.10"]
[EventType "team-swiss"]
[EventRounds "7"]
[EventCountry "MNE"]
[SourceTitle "EXT 2021"]
[Source "ChessBase"]
[SourceDate "2020.10.23"]
[SourceVersion "1"]
[SourceVersionDate "2020.10.23"]
[SourceQuality "1"]
[WhiteTeam "Arrocco"]
[BlackTeam "Prishtina"]
[WhiteTeamCountry "ITA"]
[BlackTeamCountry "KOS"]

1. e4 c5 2. Nf3 a6 3. c4 e6 4. Nc3 Nc6 5. Be2 Nd4 6. Nxd4 cxd4 7. Nb1 d6 8. d3 Ne7 9. 0-0 g6 10. Nd2 Bg7 11. f4 0-0 12. b3 e5 13. fxe5 dxe5 14. c5 Be6 15. Bg4 Bxg4 16. Qxg4 f5 17. Qe2 Qa5 18. Nc4 Qxc5 19. Ba3 Qc7 20. Bd6 Qd7 21. exf5 Rxf5 22. Qe4 Re8 23. Bxe7 Rxe7 24. Rae1 Qe6 25. a4 h5 26. a5 Rxf1+ 27. Rxf1 Rf7 28. Rxf7 Qxf7 29. h3 Kh7 30. b4 Qe7 31. Qe1 e4 32. Qxe4 Qxe4 33. dxe4 Bf8 34. Kf2 Kg7 35. Ke2 Bxb4 36. Kd3 Bc5 37. Nd2 b5 38. Nb3 Ba7 39. Na1 Kf6 40. Nb3 Ke5 41. g3 g5 42. Nd2 g4 43. hxg4 hxg4 44. Nb3 Kd6 45. Nd2 Ke6 46. Nb3 Kf6 47. Ke2 d3+ 48. Kxd3 Bf2 49. Ke2 Bxg3 50. Nc5 Bc7 51. Nxa6 Bxa5 0-1

[Event "Pristina op"]
[Site "Pristina"]
[Date "2019.07.01"]
[Round "6"]
[White "Xhakaj, Shehat"]
[Black "Sadiku, Bedri"]
[Result "1/2-1/2"]
[WhiteElo "2031"]
[BlackElo "2205"]
[PlyCount "134"]
[EventDate "2019.06.28"]
[EventType "swiss"]
[EventRounds "9"]
[EventCountry "KOS"]
[SourceTitle "CBM 191 Extra"]
[Source "ChessBase"]
[SourceDate "2019.09.30"]
[SourceVersion "1"]
[SourceVersionDate "2019.09.30"]
[SourceQuality "1"]

1. Nf3 d5 2. d4 c5 3. c3 e6 4. g3 Nc6 5. Bg2 f5 6. Bf4 Nf6 7. Nbd2 Bd6 8. Bg5 0-0 9. dxc5 Bxc5 10. 0-0 h6 11. Bxf6 Qxf6 12. Nb3 Bb6 13. Nfd4 Rd8 14. f4 Bd7 15. Kh1 Rac8 16. e3 Be8 17. h3 Bf7 18. Qd3 g6 19. a4 e5 20. Nxc6 bxc6 21. a5 e4 22. Qd2 Bc7 23. Nc5 Bd6 24. Nb7 Rd7 25. Nxd6 Qxd6 26. g4 c5 27. Rfb1 d4 28. cxd4 cxd4 29. exd4 Rc4 30. Rd1 Qf6 31. Qe3 Rcxd4 32. Rxd4 Rxd4 33. Qc3 Qd6 34. gxf5 Rc4 35. Qg3 g5 36. Rf1 Bd5 37. h4 Rc7 38. Kh2 g4 39. Qxg4+ Rg7 40. Qd1 Rd7 41. Qd4 Kf7 42. Qe5 Qe7 43. f6 Qxf6 44. Qxf6+ Kxf6 45. Rd1 e3 46. Re1 Bxg2 47. Kxg2 Rd2+ 48. Kf3 Rxb2 49. Rxe3 Rb5 50. Ra3 Kf5 51. a6 h5 52. Ke3 Kg4 53. Ra4 Kxh4 54. Ra1 Kh3 55. Rg1 Rb6 56. Kf3 Rb3+ 57. Ke4 Ra3 58. f5 Rxa6 59. Rg6 Ra1 60. f6 Rf1 61. Ke5 a5 62. Rg5 h4 63. Ke6 a4 64. Ra5 Kg4 65. Rxa4+ Kg5 66. f7 h3 67. Ra8 Rxf7 1/2-1/2

[Event "KOS-chT"]
[Site "Pristina"]
[Date "2019.05.05"]
[Round "7.3"]
[White "Asllani, Muhamet"]
[Black "Sadiku, Bedri"]
[Result "1/2-1/2"]
[WhiteElo "2120"]
[BlackElo "2208"]
[PlyCount "66"]
[EventDate "2019.04.29"]
[EventType "team-tourn"]
[EventRounds "7"]
[EventCountry "KOS"]
[SourceTitle "CBM 190 Extra"]
[Source "ChessBase"]
[SourceDate "2019.07.15"]
[SourceVersion "1"]
[SourceVersionDate "2019.07.15"]
[SourceQuality "1"]
[WhiteTeam "Vellaznimi"]
[BlackTeam "Prishtina"]
[WhiteTeamCountry "KOS"]
[BlackTeamCountry "KOS"]

1. d4 Nf6 2. Nf3 e6 3. c4 b6 4. a3 Bb7 5. Nc3 Be7 6. g3 d5 7. cxd5 Nxd5 8. Bg2 Nd7 9. 0-0 0-0 10. Re1 N7f6 11. Bg5 Nxc3 12. bxc3 c5 13. Ne5 Bxg2 14. Kxg2 Rc8 15. Qa4 Qc7 16. e4 Rfd8 17. Rad1 h6 18. Bf4 Qb7 19. f3 cxd4 20. cxd4 Rc3 21. Rd3 Rxd3 22. Nxd3 b5 23. Rb1 bxa4 24. Rxb7 Rxd4 25. Ne5 Bxa3 26. Rxa7 Bf8 27. Ra8 Rd1 28. Rxa4 g5 29. Be3 Nd7 30. Nxd7 Rxd7 31. h4 f6 32. hxg5 hxg5 33. Ra8 Kf7 1/2-1/2

[Event "KOS-chT"]
[Site "Pristina"]
[Date "2019.04.30"]
[Round "2.3"]
[White "Sadiku, Bedri"]
[Black "Bimbashi, Hamze"]
[Result "1-0"]
[WhiteElo "2208"]
[BlackElo "2038"]
[PlyCount "117"]
[EventDate "2019.04.29"]
[EventType "team-tourn"]
[EventRounds "7"]
[EventCountry "KOS"]
[SourceTitle "CBM 190 Extra"]
[Source "ChessBase"]
[SourceDate "2019.07.15"]
[SourceVersion "1"]
[SourceVersionDate "2019.07.15"]
[SourceQuality "1"]
[WhiteTeam "Prishtina"]
[BlackTeam "Fushe Kosova"]
[WhiteTeamCountry "KOS"]
[BlackTeamCountry "KOS"]

1. d4 d5 2. c4 c6 3. Qc2 f5 4. Bf4 e6 5. a3 Bd6 6. Bxd6 Qxd6 7. e3 Nf6 8. Nf3 Nbd7 9. Bd3 Ne4 10. Nc3 0-0 11. 0-0 h6 12. Rad1 Kh8 13. Nh4 Rf6 14. Ne2 g5 15. Nf3 Rf7 16. Ne1 Rg7 17. f3 Nef6 18. g3 g4 19. c5 Qc7 20. Nf4 Nf8 21. e4 gxf3 22. e5 Ng4 23. Rxf3 Nh7 24. h3 Nxe5 25. dxe5 Qxe5 26. h4 Nf6 27. Neg2 Bd7 28. Re3 Ne4 29. Bxe4 fxe4 30. Qc3 Qf5 31. Rf1 d4 32. Qxd4 e5 33. Qd6 exf4 34. Rxf4 Qe6 35. Qxe6 Bxe6 36. Rf6 Bd5 37. Rxh6+ Kg8 38. Nf4 Rf8 39. Kf2 Rf5 40. Rd6 Rgf7 41. Ke1 R5f6 42. Nxd5 Rxd6 43. Ne7+ Rxe7 44. cxd6 Rd7 45. Rxe4 Rxd6 46. Ke2 Kf7 47. g4 a5 48. Ke3 b6 49. h5 Rd1 50. Rd4 Rb1 51. Rd2 Kf6 52. Rd6+ Ke5 53. Rxc6 Rxb2 54. g5 Rb3+ 55. Kf2 Kf4 56. g6 Rb2+ 57. Ke1 Ke3 58. Re6+ Kf4 59. g7 1-0

[Event "KOS CupT"]
[Site "Pristina"]
[Date "2019.01.05"]
[Round "2.1"]
[White "Jashari, Ardian"]
[Black "Sadiku, Bedri"]
[Result "0-1"]
[WhiteElo "2137"]
[BlackElo "2218"]
[PlyCount "75"]
[EventDate "2019.01.04"]
[EventType "team-tourn"]
[EventRounds "3"]
[EventCountry "KOS"]
[SourceTitle "EXT 2021"]
[Source "ChessBase"]
[SourceDate "2020.10.23"]
[SourceVersion "1"]
[SourceVersionDate "2020.10.23"]
[SourceQuality "1"]
[WhiteTeam "Dardania"]
[BlackTeam "Prishtina"]
[WhiteTeamCountry "KOS"]
[BlackTeamCountry "KOS"]

1. d4 g6 2. c4 Bg7 3. Nc3 d6 4. e4 Nf6 5. f3 Nbd7 6. Be3 e5 7. d5 h5 8. Qd2 a6 9. Bd3 Qe7 10. Nge2 Qf8 11. g3 Bh6 12. f4 Ng4 13. Bg1 exf4 14. gxf4 Nge5 15. 0-0-0 Nf3 16. Qc2 Nxg1 17. Rdxg1 Ne5 18. Kb1 Nxd3 19. Qxd3 Qe7 20. Qd4 0-0 21. f5 Kh7 22. Qf2 Bd7 23. Rg2 Qe5 24. Rhg1 Rg8 25. Qf3 c5 26. Nc1 Qf4 27. Qh3 gxf5 28. N1e2 Rxg2 29. Rxg2 Qe5 30. Qxh5 Qf6 31. Rf2 Rg8 32. Ng3 f4 33. Nf5 Bxf5 34. exf5 Rg5 35. Ne4 Qxf5 36. Qf3 Rg1+ 37. Kc2 Re1 38. Kb3 0-1

[Event "KOS-chT"]
[Site "Pristina"]
[Date "2018.05.12"]
[Round "6.2"]
[White "Salihu, Sami"]
[Black "Sadiku, Bedri"]
[Result "1/2-1/2"]
[WhiteElo "2180"]
[BlackElo "2220"]
[PlyCount "22"]
[EventDate "2018.05.07"]
[EventType "team-tourn"]
[EventRounds "7"]
[EventCountry "KOS"]
[SourceTitle "EXT 2019"]
[Source "ChessBase"]
[SourceDate "2018.10.10"]
[SourceVersion "1"]
[SourceVersionDate "2018.10.10"]
[SourceQuality "1"]
[WhiteTeam "Dardania"]
[BlackTeam "Pristina"]
[WhiteTeamCountry "KOS"]
[BlackTeamCountry "KOS"]

1. e4 c5 2. Nf3 e6 3. d4 cxd4 4. Nxd4 a6 5. c4 Nf6 6. Nc3 Qc7 7. Bg5 Be7 8. Be2 Nc6 9. Nxc6 dxc6 10. f4 h6 11. Bxf6 Bxf6 1/2-1/2

[Event "KOS CupT"]
[Site "Pristina"]
[Date "2017.11.25"]
[Round "4.1"]
[White "Rama, Rame"]
[Black "Sadiku, Bedri"]
[Result "1-0"]
[WhiteElo "1975"]
[BlackElo "2223"]
[PlyCount "120"]
[EventDate "2017.11.11"]
[EventType "team-tourn"]
[EventRounds "7"]
[EventCountry "KOS"]
[SourceTitle "EXT 2019"]
[Source "ChessBase"]
[SourceDate "2018.10.10"]
[SourceVersion "1"]
[SourceVersionDate "2018.10.10"]
[SourceQuality "1"]
[WhiteTeam "Kosovo"]
[BlackTeam "Pristina"]
[WhiteTeamCountry "KOS"]
[BlackTeamCountry "KOS"]

1. d4 g6 2. Bf4 Bg7 3. Nc3 d6 4. e4 Nc6 5. Be3 e5 6. d5 Nce7 7. f3 f5 8. Qd2 h6 9. 0-0-0 Nf6 10. Kb1 fxe4 11. fxe4 Ng4 12. Bf2 Nxf2 13. Qxf2 Rf8 14. Qg3 Kf7 15. Bd3 Kg8 16. Nf3 g5 17. Rdf1 Ng6 18. Be2 Nf4 19. Bd1 c6 20. dxc6 bxc6 21. Nd2 Be6 22. Rf3 d5 23. Nb3 Qe7 24. Na4 dxe4 25. Re3 Bf5 26. Nbc5 Nd5 27. Rb3 Nb6 28. Bg4 Nxa4 29. Nxa4 Bg6 30. Qe3 Rad8 31. Nc5 Rd4 32. Rc3 Rfd8 33. Ne6 R8d6 34. Nxg7 Kxg7 35. b3 Rf6 36. Be2 Bf7 37. h4 gxh4 38. Kb2 Rg6 39. Qf2 Qf6 40. Qe1 Rxg2 41. Rf1 Qg6 42. Rc5 e3 43. Rf3 Rg3 44. Qc3 Qe4 45. Rf1 Be8 46. Qa5 Rd5 47. Qxa7+ Rd7 48. Qa3 Rf7 49. Rc4 Qg2 50. Re1 Qf2 51. Qb4 h3 52. Rg4+ Rxg4 53. Qxg4+ Kf8 54. Qb4+ Kg7 55. Qg4+ Kh8 56. Rg1 Qxg1 57. Qxg1 Rf2 58. Bc4 Bf7 59. Bxf7 Rxf7 60. Qxe3 Kh7 1-0

[Event "KOS CupT"]
[Site "Pristina"]
[Date "2017.11.19"]
[Round "3.4"]
[White "Kasumi, Gezim"]
[Black "Sadiku, Bedri"]
[Result "0-1"]
[WhiteElo "1938"]
[BlackElo "2223"]
[PlyCount "60"]
[EventDate "2017.11.11"]
[EventType "team-tourn"]
[EventRounds "7"]
[EventCountry "KOS"]
[SourceTitle "EXT 2019"]
[Source "ChessBase"]
[SourceDate "2018.10.10"]
[SourceVersion "1"]
[SourceVersionDate "2018.10.10"]
[SourceQuality "1"]
[WhiteTeam "Vellaznimi"]
[BlackTeam "Pristina"]
[WhiteTeamCountry "KOS"]
[BlackTeamCountry "KOS"]

1. d4 g6 2. Nf3 Bg7 3. e4 d6 4. Bc4 Nf6 5. Nc3 0-0 6. h3 c6 7. Bb3 Qa5 8. 0-0 e5 9. dxe5 dxe5 10. Bd2 Qc7 11. Be3 Qe7 12. Nd2 Nh5 13. Ne2 Na6 14. a3 Nc5 15. Ba2 Rd8 16. Qc1 Ne6 17. Nf3 b6 18. Bg5 Nxg5 19. Qxg5 Bf6 20. Qe3 Rd7 21. Rfd1 Ba6 22. c4 Rad8 23. Rxd7 Qxd7 24. g4 Nf4 25. Nxf4 exf4 26. Qxf4 Bxb2 27. Rb1 Bg7 28. c5 bxc5 29. Ng5 h6 30. Nf3 c4 0-1